[Event "23rd EUR-ch"]
[Site "Vrnjacka Banja SRB"]
[Date "2023.03.12"]
[Round "10.205"]
[White "Bashylina, Luisa"]
[Black "Modric, Milos"]
[Result "1/2-1/2"]
[WhiteElo "2127"]
[BlackElo "2002"]
[EventDate "2023.03.03"]
[PlyCount "149"]

1.d4 Nf6 2.c4 e6 3.Nc3 d5 4.cxd5 exd5 5.Bg5 c6 6.e3 h6 7.Bh4 Be7 8.Bd3 O-O
9.Qc2 Re8 10.Nge2 Nbd7 11.f3 c5 12.O-O cxd4 13.Nxd4 Ne5 14.Be2 Ng6 15.Bf2 
a6 16.Rad1 Bf8 17.Rfe1 b5 18.a3 Qc7 19.Qb3 Bb7 20.Rc1 Qd7 21.Bd3 Ne5 22.
Bf5 Qe7 23.Bb1 Nc4 24.Qc2 g6 25.Ba2 Rac8 26.Qe2 Bg7 27.a4 Qb4 28.axb5 Nxb2
29.bxa6 Bxa6 30.Qxa6 Rxc3 31.Nc6 Qa3 32.Qxa3 Rxa3 33.Bb1 Nd3 34.Bxd3 Rxd3 
35.Rcd1 Rxd1 36.Rxd1 Re6 37.Nb4 Rb6 38.Nxd5 Nxd5 39.e4 Rd6 40.Rxd5 Rxd5 
41.exd5 Kf8 42.Bc5+ Ke8 43.Kf2 Kd7 44.Ke3 f5 45.Kf4 Bf6 46.Bf8 Bb2 47.Bc5 
Bf6 48.Bb4 Ke8 49.g4 fxg4 50.Kxg4 Kf7 51.Kf4 Ke8 52.Ke4 Kf7 53.Bc5 Bg7 54.
Bd4 Bf8 55.Be5 Ba3 56.Bf4 Bf8 57.Ke5 Ke7 58.d6+ Kd7 59.Kd5 h5 60.h3 Bg7 
61.Be5 Bf8 62.Bg3 Bg7 63.Be1 Bf8 64.Bb4 Bg7 65.Bc5 Bf6 66.f4 Bg7 67.Ba3 
Bf6 68.Ke4 Ke6 69.Bc5 Bc3 70.Kd3 Bf6 71.Kc4 Bd8 72.Kd4 Bf6+ 73.Ke4 Bc3 74.
Ba3 Bf6 75.Bb4 1/2-1/2

[Event "23rd EUR-ch"]
[Site "Vrnjacka Banja SRB"]
[Date "2023.03.12"]
[Round "10.206"]
[White "Demir, Baran"]
[Black "Bleuzen, Erwan"]
[Result "0-1"]
[WhiteElo "2122"]
[BlackElo "1937"]
[EventDate "2023.03.03"]
[PlyCount "92"]

1.Nf3 Nf6 2.c4 c5 3.Nc3 Nc6 4.d4 cxd4 5.Nxd4 g6 6.Nc2 Bg7 7.g3 Na5 8.b3 b6
9.Bg2 Bb7 10.O-O h5 11.h4 O-O 12.e4 Rc8 13.Rb1 b5 14.Nxb5 Nxe4 15.Bb2 Bxb2
16.Rxb2 a6 17.Nbd4 Nf6 18.Ne3 Bxg2 19.Kxg2 d5 20.Rd2 e6 21.Nf3 Ne4 22.Rd4 
Nc6 23.cxd5 Nc3 24.Qd2 Nxd4 25.Qxd4 Nxd5 26.Nc4 Qf6 27.Nfe5 Rfd8 28.Qd2 
Kg7 29.Qa5 Ra8 30.Re1 Qf5 31.Qd2 Rac8 32.Qb2 Qf6 33.Re2 Rc7 34.Rd2 Kh7 35.
Qa3 Ne3+ 36.Nxe3 Rxd2 37.Nf3 Rd3 38.Qf8 Rd8 39.Qb4 Kg7 40.Qb6 Rc3 41.Ng5 
Qd4 42.Qb7 Rd7 43.Nf3 Qxe3 44.Qxd7 Qxf3+ 45.Kh2 Rc1 46.Qd4+ Kh7 0-1

[Event "23rd EUR-ch"]
[Site "Vrnjacka Banja SRB"]
[Date "2023.03.12"]
[Round "10.207"]
[White "Todev, Simeon"]
[Black "Bozinovic, Boban"]
[Result "1/2-1/2"]
[WhiteElo "2119"]
[BlackElo "1931"]
[EventDate "2023.03.03"]
[PlyCount "87"]

1.e4 c5 2.Nf3 Nc6 3.Bb5 a6 4.Bxc6 dxc6 5.O-O g6 6.c3 Bg7 7.h3 e5 8.d3 Ne7 
9.a4 a5 10.Na3 Qc7 11.Be3 b6 12.Nc4 O-O 13.b4 axb4 14.cxb4 b5 15.axb5 Rxa1
16.Qxa1 cxb5 17.Ncxe5 Nc6 18.Bf4 Nxb4 19.Qb1 Qe7 20.Ng4 Rd8 21.Rd1 h5 22.
Ne3 Bb7 23.Ne1 Be5 24.Bh6 Bg7 25.Bxg7 Kxg7 26.N3c2 Nxc2 27.Nxc2 c4 28.Qb2+
Kh7 29.Qxb5 cxd3 30.Rxd3 Rxd3 31.Qxd3 Qxe4 32.Qxe4 Bxe4 33.Nd4 Kg7 34.f3 
Bb7 35.Kf2 h4 36.Ke3 g5 37.Nf5+ Kg6 38.Nd6 Bc6 39.Kd4 f6 40.Nc8 Bb7 41.
Ne7+ Kf7 42.Nf5 Ke6 43.Ne3 f5 44.Nd1 1/2-1/2

[Event "23rd EUR-ch"]
[Site "Vrnjacka Banja SRB"]
[Date "2023.03.12"]
[Round "10.208"]
[White "Krunic, Dusan"]
[Black "Bozanic, Jovan"]
[Result "1-0"]
[WhiteElo "2116"]
[BlackElo "1934"]
[EventDate "2023.03.03"]
[PlyCount "71"]

1.Nf3 Nf6 2.g3 g6 3.Bg2 Bg7 4.O-O O-O 5.d4 d6 6.c4 Nc6 7.Nc3 e5 8.d5 Nb8 
9.c5 Nbd7 10.cxd6 cxd6 11.a4 a5 12.Nb5 Nc5 13.Nd2 Ne8 14.Nc4 f5 15.Be3 b6 
16.Ra3 Ba6 17.Bxc5 bxc5 18.e4 Rb8 19.Rb3 Qd7 20.Qc2 Bxb5 21.Rxb5 Rxb5 22.
axb5 Nc7 23.b6 Na6 24.Ra1 fxe4 25.Rxa5 Nb4 26.Qxe4 Rb8 27.Ra7 Rb7 28.Ra8+ 
Bf8 29.h4 Kg7 30.Kh2 Qf7 31.Qf3 Qe7 32.h5 Nc2 33.h6+ Kg8 34.Bh3 Nd4 35.
Be6+ Nxe6 36.dxe6 1-0

[Event "23rd EUR-ch"]
[Site "Vrnjacka Banja SRB"]
[Date "2023.03.12"]
[Round "10.209"]
[White "Hamiti, Gani"]
[Black "Deveci, Huseyin Said"]
[Result "1/2-1/2"]
[WhiteElo "2112"]
[BlackElo "1913"]
[EventDate "2023.03.03"]
[PlyCount "105"]

1.e4 c5 2.Nc3 g6 3.f4 Bg7 4.Nf3 Nc6 5.Bc4 a6 6.a4 e6 7.d3 Nge7 8.O-O O-O 
9.Qe1 Rb8 10.Qh4 Nd4 11.f5 gxf5 12.Bg5 f6 13.Bh6 Ng6 14.Qh3 b5 15.axb5 
axb5 16.Ba2 fxe4 17.Nxd4 cxd4 18.Nxe4 Qe7 19.Ng3 Bxh6 20.Qxh6 Kh8 21.Rae1 
Rf7 22.Re4 Bb7 23.Rxd4 Rg8 24.Rg4 Qc5+ 25.Rf2 Qa7 26.Bb3 Qa1+ 27.Rf1 Qxb2 
28.Nh5 Qe5 29.h3 f5 30.d4 Qe2 31.d5 Qxf1+ 32.Kxf1 fxg4+ 33.Ke1 gxh3 34.
gxh3 Bxd5 35.Bxd5 exd5 36.Qg5 Re8+ 37.Kd2 Re5 38.Qg4 Rf2+ 39.Kc1 Rf1+ 40.
Kb2 Rff5 41.Ng3 Rg5 42.Qf3 Kg7 43.Ne2 Re4 44.Nd4 Ne5 45.Qf2 Kg6 46.h4 Rgg4
47.h5+ Kxh5 48.Qf5+ Rg5 49.Qxh7+ Kg4 50.Qh1 Re3 51.Qg1+ Kh5 52.Qh2+ Kg6 
53.Nxb5 1/2-1/2

[Event "23rd EUR-ch"]
[Site "Vrnjacka Banja SRB"]
[Date "2023.03.12"]
[Round "10.210"]
[White "Senel, Hayri Beyhun"]
[Black "Veleski, Robert"]
[Result "0-1"]
[WhiteElo "1904"]
[BlackElo "2106"]
[EventDate "2023.03.03"]
[PlyCount "110"]

1.Nf3 Nf6 2.g3 b6 3.Bg2 Bb7 4.b3 e6 5.Bb2 Be7 6.O-O O-O 7.c4 d6 8.d4 Nbd7 
9.Nbd2 c5 10.e3 Qc7 11.Qc2 Rac8 12.Rac1 Qb8 13.e4 cxd4 14.Nxd4 Qa8 15.Rfe1
Rfe8 16.h3 a6 17.Qb1 Bf8 18.Kh2 Nc5 19.b4 Na4 20.Ba1 e5 21.Qb3 exd4 22.
Qxa4 Nxe4 23.Nxe4 Bxe4 24.Bxe4 Rxe4 25.Rxe4 Qxe4 26.Qxa6 Ra8 27.Qxb6 d3 
28.Qe3 Qxe3 29.fxe3 Rxa2+ 30.Kg1 d2 31.Rd1 Rc2 32.Kf2 Rxc4 33.Rxd2 Rxb4 
34.Bd4 f6 35.Kf3 Kf7 36.Ra2 Be7 37.Ra7 Rb1 38.h4 Rb5 39.g4 h5 40.gxh5 Rxh5
41.Kg4 g6 42.Rb7 f5+ 43.Kg3 Ke6 44.Ra7 Bxh4+ 45.Kf3 Be7 46.Ra8 Rh3+ 47.Kg2
Rh4 48.Kg3 Rg4+ 49.Kf3 Bf6 50.Bb6 Be5 51.Re8+ Kd5 52.Rg8 Rg3+ 53.Kf2 Ke4 
54.Re8 Rf3+ 55.Ke2 Rh3 0-1

[Event "23rd EUR-ch"]
[Site "Vrnjacka Banja SRB"]
[Date "2023.03.12"]
[Round "10.211"]
[White "Kosovic, Miroslav"]
[Black "Velkoski, Stojan"]
[Result "1-0"]
[WhiteElo "2100"]
[BlackElo "1868"]
[EventDate "2023.03.03"]
[PlyCount "37"]

1.e4 e6 2.d4 d5 3.Bd3 dxe4 4.Bxe4 Nf6 5.Bf3 Nbd7 6.Ne2 e5 7.Nbc3 Bd6 8.O-O
O-O 9.h3 Re8 10.g3 c6 11.Bg2 Qc7 12.a4 exd4 13.Nxd4 Nc5 14.Ndb5 cxb5 15.
Nxb5 Qb6 16.Qxd6 Qxd6 17.Nxd6 Re2 18.Be3 Ne6 19.Rfc1 1-0

[Event "23rd EUR-ch"]
[Site "Vrnjacka Banja SRB"]
[Date "2023.03.12"]
[Round "10.212"]
[White "Pantic, Ivica"]
[Black "Pirvulescu, Adrian"]
[Result "1-0"]
[WhiteElo "2091"]
[BlackElo "1738"]
[EventDate "2023.03.03"]
[PlyCount "57"]

1.Nf3 c5 2.c4 Nc6 3.d4 cxd4 4.Nxd4 e6 5.g3 Qb6 6.Nb3 Nf6 7.Bg2 d5 8.cxd5 
exd5 9.O-O Be7 10.Be3 Qd8 11.Nc3 Be6 12.Nc5 Bxc5 13.Bxc5 Ne7 14.Bd4 h5 15.
Bxf6 gxf6 16.e4 dxe4 17.Nxe4 Nd5 18.Qd4 Kf8 19.Rad1 Kg7 20.Nc5 Ne7 21.Qe3 
Qb6 22.Rfe1 Bxa2 23.Qa3 Ng6 24.b4 Bc4 25.Qc3 Bb5 26.Nxb7 Rae8 27.Rxe8 Rxe8
28.Rd6 Qxd6 29.Nxd6 1-0

[Event "23rd EUR-ch"]
[Site "Vrnjacka Banja SRB"]
[Date "2023.03.12"]
[Round "10.213"]
[White "Jeremic, Milan"]
[Black "Valitov, Ilshat"]
[Result "0-1"]
[WhiteElo "2052"]
[BlackElo "1854"]
[EventDate "2023.03.03"]
[PlyCount "110"]

1.d4 Nf6 2.c4 e6 3.Nf3 d5 4.e3 Be7 5.Nc3 O-O 6.Bd3 dxc4 7.Bxc4 b6 8.Qe2 
Bb7 9.O-O Nbd7 10.e4 a5 11.Rd1 h6 12.a3 c6 13.h3 Qc7 14.Be3 b5 15.Bd3 Rfd8
16.Rac1 b4 17.Nb1 Rac8 18.a4 Qb6 19.Nbd2 c5 20.dxc5 Nxc5 21.Bxc5 Bxc5 22.
Nc4 Qa7 23.b3 Nh5 24.Nce5 Nf6 25.g4 Qa8 26.Re1 Nd7 27.Nxd7 Rxd7 28.Ne5 Re7
29.Bc4 Bd4 30.Nd3 Bc3 31.Rf1 Bxe4 32.Nf4 Bf3 33.Qe3 Qe4 34.Qxe4 Bxe4 35.
Rcd1 Ree8 36.Rd7 Bc6 37.Ra7 Ra8 38.Rxa8 Rxa8 39.Rd1 Be5 40.Nd3 Rd8 41.Kf1 
Bf3 42.Re1 Bd4 43.Rc1 g5 44.Ne1 Bb7 45.Ke2 Kg7 46.Nd3 Rd6 47.f3 f5 48.Nf2 
Kf6 49.Rd1 Rd8 50.Nd3 Bb6 51.Rh1 Rh8 52.h4 fxg4 53.hxg5+ Kf5 54.Ne5 Kf4 
55.Ng6+ Kg3 0-1

[Event "23rd EUR-ch"]
[Site "Vrnjacka Banja SRB"]
[Date "2023.03.12"]
[Round "10.214"]
[White "Tadic, Katarina"]
[Black "Jovanovic, Sasa T."]
[Result "1/2-1/2"]
[WhiteElo "1919"]
[BlackElo "2130"]
[EventDate "2023.03.03"]
[PlyCount "94"]

1.Nf3 Nc6 2.d4 d5 3.g3 Bf5 4.Bg2 e6 5.c3 Nf6 6.Nh4 Be4 7.f3 Bg6 8.Nxg6 
hxg6 9.Bg5 Be7 10.Nd2 Nd7 11.Be3 Bd6 12.Bf2 Ne7 13.e4 c6 14.O-O O-O 15.f4 
Rc8 16.e5 Bb8 17.Nf3 c5 18.Ng5 Re8 19.g4 cxd4 20.cxd4 Nf8 21.Be1 Qb6 22.
Bc3 a6 23.Qd3 Ba7 24.Qh3 f6 25.Nf3 Qb5 26.exf6 gxf6 27.Qh6 Qd3 28.Rae1 Nc6
29.Rd1 Qe3+ 30.Kh1 Rc7 31.Qh4 Qxf4 32.Bd2 Qd6 33.Qxf6 Qd8 34.Qxd8 Rxd8 35.
Bc3 Rf7 36.Ng5 Rxf1+ 37.Bxf1 Re8 38.Bg2 Kg7 39.h4 Nh7 40.Nf3 Nf6 41.Bh3 
Ne4 42.Kg2 Bb8 43.g5 Bf4 44.Bg4 Re7 45.Be1 Re8 46.Bc3 Re7 47.Be1 Re8 
1/2-1/2

[Event "23rd EUR-ch"]
[Site "Vrnjacka Banja SRB"]
[Date "2023.03.12"]
[Round "10.215"]
[White "Djordjevic, Nevena"]
[Black "Roebers, Jan"]
[Result "1/2-1/2"]
[WhiteElo "1889"]
[BlackElo "2113"]
[EventDate "2023.03.03"]
[PlyCount "112"]

1.d4 Nf6 2.Nf3 e6 3.c4 c5 4.e3 b6 5.Bd3 Bb7 6.O-O Be7 7.Nc3 O-O 8.b3 cxd4 
9.Nxd4 Nc6 10.Nxc6 Bxc6 11.Bb2 Qc7 12.Qe2 a6 13.Rfd1 Qb7 14.e4 d6 15.Re1 
Nd7 16.f3 Bf6 17.Rad1 Bd4+ 18.Kh1 e5 19.Nb1 Bxb2 20.Qxb2 Nc5 21.Nc3 b5 22.
Bf1 Rfd8 23.Rd2 b4 24.Ne2 a5 25.Red1 Qe7 26.Nc1 Ne6 27.a4 g6 28.Bd3 Rd7 
29.Ne2 Rf8 30.Qc2 h5 31.Qb1 h4 32.h3 Ra8 33.Qc2 Kg7 34.Qb1 Rh8 35.Kh2 Rf8 
36.Qc2 Nc5 37.Qb1 Qe6 38.Qb2 Kg8 39.Ng1 f5 40.Qb1 Qf6 41.Kh1 Qg5 42.Bc2 
Rf6 43.exf5 gxf5 44.Qc1 Rg7 45.Re2 Qg3 46.Qe3 f4 47.Qf2 e4 48.fxe4 Qxf2 
49.Rxf2 Bxe4 50.Bxe4 Nxe4 51.Rb2 Ng5 52.Rf1 Re7 53.Nf3 Ne4 54.Rd1 Rfe6 55.
Kg1 Nc3 56.Rf1 Ne2+ 1/2-1/2

[Event "23rd EUR-ch"]
[Site "Vrnjacka Banja SRB"]
[Date "2023.03.12"]
[Round "10.216"]
[White "Sekelja, Marko"]
[Black "Hlebec, Darko"]
[Result "1/2-1/2"]
[WhiteElo "2089"]
[BlackElo "1900"]
[EventDate "2023.03.03"]
[PlyCount "69"]

1.e4 e5 2.Bc4 Nc6 3.d3 Nf6 4.Nf3 Bc5 5.O-O O-O 6.Nc3 h6 7.Be3 Bb6 8.Qe2 d6
9.h3 Be6 10.Bb3 Qd7 11.Rfe1 Rae8 12.Rad1 Bxb3 13.axb3 Qe6 14.Nh4 Ne7 15.
Qf3 Nh7 16.g4 Ng5 17.Qg3 g6 18.Kh2 Kg7 19.Rg1 d5 20.Nf5+ gxf5 21.gxf5 Bxe3
22.fxe3 Qd6 23.h4 f6 24.Nxd5 Nxd5 25.exd5 Qxd5 26.e4 Qc6 27.c3 Rd8 28.Qg4 
Kf7 29.hxg5 hxg5 30.Qh5+ Ke7 31.Qh7+ Rf7 32.Qh5 Rff8 33.Qh7+ Rf7 34.Qh5 
Rff8 35.Qh7+ 1/2-1/2

[Event "23rd EUR-ch"]
[Site "Vrnjacka Banja SRB"]
[Date "2023.03.12"]
[Round "10.217"]
[White "Konstantinidis, Konstantinos"]
[Black "Labrovic, Jakov"]
[Result "1/2-1/2"]
[WhiteElo "2047"]
[BlackElo "1888"]
[EventDate "2023.03.03"]
[PlyCount "54"]

1.e4 c5 2.Nf3 g6 3.d4 cxd4 4.Qxd4 Nf6 5.Bc4 Nc6 6.Qd3 Bg7 7.Nc3 Qa5 8.O-O 
Ng4 9.Bb3 O-O 10.h3 Nge5 11.Nxe5 Nxe5 12.Qe2 b6 13.Nd5 Ba6 14.c4 Qc5 15.
Be3 Bxc4 16.Qd2 Qa5 17.Nxe7+ Kh8 18.Qxa5 bxa5 19.Rfd1 Rfe8 20.Nd5 Rab8 21.
Bxa7 Bxb3 22.Bxb8 Bxd1 23.Bxe5 Rxe5 24.Rxd1 Rxe4 25.Nc3 Bxc3 26.bxc3 Rc4 
27.Rd3 a4 1/2-1/2

[Event "23rd EUR-ch"]
[Site "Vrnjacka Banja SRB"]
[Date "2023.03.12"]
[Round "10.218"]
[White "Nikanova, Ekaterina"]
[Black "Tadic, Ana"]
[Result "0-1"]
[WhiteElo "2032"]
[BlackElo "1817"]
[EventDate "2023.03.03"]
[PlyCount "94"]

1.e4 c5 2.Nf3 Nc6 3.d4 cxd4 4.Nxd4 e5 5.Nb5 d6 6.N1c3 a6 7.Na3 b5 8.Nd5 
Nge7 9.Be3 Nxd5 10.exd5 Ne7 11.c4 g6 12.cxb5 Bg7 13.Qd2 f5 14.f4 O-O 15.
Bc4 Re8 16.O-O a5 17.Kh1 Kh8 18.Rac1 Ng8 19.b6 Nf6 20.Bb5 Ne4 21.Qc2 Re7 
22.Bc6 Rb8 23.Nc4 Ba6 24.b3 exf4 25.Bxf4 Bxc4 26.bxc4 Rxb6 27.Rb1 Rxb1 28.
Rxb1 Bd4 29.h3 g5 30.Bd2 Ng3+ 31.Kh2 Be5 32.Bc3 Nf1+ 33.Kg1 Ne3 34.Bxe5+ 
Rxe5 35.Qc3 g4 36.c5 gxh3 37.cxd6 h2+ 38.Kh1 Ng4 39.g3 Qxd6 40.Re1 Qc5 41.
Qb2 Qb6 42.Qc3 Qc5 43.Qb2 Qc2 44.Qb8+ Kg7 45.Qc7+ Kh6 46.Qd6+ Kh5 47.Rf1 
Nf2+ 0-1

[Event "23rd EUR-ch"]
[Site "Vrnjacka Banja SRB"]
[Date "2023.03.12"]
[Round "10.219"]
[White "Butolo, Alexandru-Mircea"]
[Black "Tabakovski, Dino"]
[Result "1-0"]
[WhiteElo "2027"]
[BlackElo "1692"]
[EventDate "2023.03.03"]
[PlyCount "43"]

1.e4 c5 2.Nf3 e6 3.d4 cxd4 4.Nxd4 Nc6 5.Nc3 Qc7 6.Be3 a6 7.g4 Bb4 8.Nxc6 
Bxc3+ 9.bxc3 Qxc6 10.Qd4 Nf6 11.Bg2 O-O 12.O-O e5 13.Qd1 d6 14.h3 Be6 15.
Re1 Rad8 16.Bg5 Rd7 17.Bxf6 gxf6 18.Qd2 d5 19.Qh6 Qxc3 20.Qxf6 dxe4 21.
Bxe4 Qxh3 22.Re3 1-0

[Event "23rd EUR-ch"]
[Site "Vrnjacka Banja SRB"]
[Date "2023.03.12"]
[Round "10.220"]
[White "Kanana, Ziad"]
[Black "Andreev, Stanislav"]
[Result "0-1"]
[WhiteElo "1757"]
[BlackElo "2016"]
[EventDate "2023.03.03"]
[PlyCount "107"]

1.e4 c6 2.d4 d5 3.e5 Bf5 4.Nf3 e6 5.Be2 Nd7 6.O-O Ne7 7.Nbd2 Nc8 8.c3 Be7 
9.Ne1 O-O 10.f4 Bg6 11.Bd3 f5 12.exf6 Rxf6 13.Ndf3 Nd6 14.Ne5 Be4 15.N1f3 
Rf8 16.Re1 Bxd3 17.Qxd3 Ne4 18.Be3 Qe8 19.Rf1 Bd6 20.c4 Ndf6 21.c5 Bc7 22.
b4 a6 23.a4 Qh5 24.b5 axb5 25.axb5 Ng4 26.bxc6 bxc6 27.Rxa8 Rxa8 28.Nxc6 
Ng5 29.h3 Nxh3+ 30.gxh3 Qxh3 31.Qe2 Nxe3 32.Qxe3 Ra2 33.Qf2 Rxf2 34.Kxf2 
Bxf4 35.Ke2 Qh5 36.Ne5 Qe8 37.c6 Qb8 38.Nd3 Qb5 39.Ne5 Bxe5 40.dxe5 Qxc6 
41.Rc1 Qa6 42.Rf1 h5 43.Ke3 Qb6+ 44.Kd2 Qd4 45.Ke2 Qe4+ 46.Kd2 d4 47.Re1 
Qg4 48.Re2 h4 49.Re1 Qf3 50.Re2 g5 51.Rh2 h3 52.Kc2 Qg2+ 53.Kb1 Qxh2 54.
Nf2 0-1

[Event "23rd EUR-ch"]
[Site "Vrnjacka Banja SRB"]
[Date "2023.03.12"]
[Round "10.221"]
[White "Sakovich, Luka"]
[Black "Sertbay, Huseyin"]
[Result "0-1"]
[WhiteElo "1799"]
[BlackElo "2016"]
[EventDate "2023.03.03"]
[PlyCount "115"]

1.e4 e5 2.Nf3 Nc6 3.Bc4 Nf6 4.d4 exd4 5.Ng5 d5 6.exd5 Qe7+ 7.Kf1 Ne5 8.
Qxd4 Nxc4 9.Qxc4 h6 10.Nf3 Qc5 11.Qe2+ Be7 12.Be3 Qxd5 13.Nc3 Qe6 14.Nd4 
Qd7 15.Rd1 O-O 16.Ndb5 Qc6 17.Nd4 Qe8 18.Ndb5 Bd8 19.Qd3 Bg4 20.f3 Bh5 21.
Bc5 Bg6 22.Qd2 a6 23.Nd4 Be7 24.Re1 Bxc5 25.Rxe8 Rfxe8 26.Nce2 Rad8 27.c3 
Bb6 28.b4 Re5 29.Kf2 Rde8 30.Nf4 Bh7 31.g4 g5 32.Nh5 Nxh5 33.gxh5 c5 34.
bxc5 Bxc5 35.h4 b5 36.hxg5 hxg5 37.Kg3 b4 38.cxb4 Bd6 39.Kf2 Rd5 40.Rg1 f6
41.Re1 Rd8 42.Qe3 Rxd4 43.Qe6+ Kg7 44.Re2 Bxb4 45.h6+ Kg6 46.Qxa6 Rh4 47.
Re6 Bc5+ 48.Kg3 Rd1 49.Rxf6+ Kh5 50.f4 g4 51.f5 Rg1+ 52.Kf4 g3+ 53.Kf3 Rh2
54.Qc4 Rf2+ 55.Ke4 Re1+ 56.Kd5 g2 57.Ra6 Rxf5+ 58.Kc6 0-1

[Event "23rd EUR-ch"]
[Site "Vrnjacka Banja SRB"]
[Date "2023.03.12"]
[Round "10.223"]
[White "Lazic, Ljubisa"]
[Black "Kovac, Mihael"]
[Result "1/2-1/2"]
[WhiteElo "2138"]
[BlackElo "1784"]
[EventDate "2023.03.03"]
[PlyCount "92"]

1.d4 Nf6 2.Bf4 e6 3.e3 c5 4.c3 d5 5.Nd2 Bd6 6.Bg3 Nc6 7.Ngf3 O-O 8.Bd3 Re8
9.Ne5 Qc7 10.f4 Rb8 11.a4 a6 12.O-O b5 13.axb5 axb5 14.Bh4 Be7 15.Qf3 b4 
16.Qh3 g6 17.Nxf7 Kxf7 18.Bxf6 Kxf6 19.Qxh7 Bd6 20.Qxg6+ Ke7 21.Qg5+ Kd7 
22.f5 Qd8 23.f6 Kc7 24.Bg6 Rf8 25.h4 e5 26.Nf3 exd4 27.exd4 bxc3 28.bxc3 
Qxf6 29.Qxf6 Rxf6 30.h5 Bf4 31.dxc5 Rb3 32.Nd4 Nxd4 33.cxd4 Be3+ 34.Kh1 
Rxf1+ 35.Rxf1 Bxd4 36.Rd1 Rb4 37.h6 Kc6 38.h7 Bh8 39.g3 Rb2 40.Rf1 Bg4 41.
Rf8 Bg7 42.h8=Q Bxh8 43.Rxh8 Bf3+ 44.Kg1 Kxc5 45.Rh2 Rxh2 46.Kxh2 Kd4 
1/2-1/2

[Event "23rd EUR-ch"]
[Site "Vrnjacka Banja SRB"]
[Date "2023.03.12"]
[Round "10.224"]
[White "Korkmaz, Necmettin"]
[Black "Kamenov, Valentin"]
[Result "1-0"]
[WhiteElo "2106"]
[BlackElo "1704"]
[EventDate "2023.03.03"]
[PlyCount "63"]

1.e4 d6 2.d4 Nf6 3.Nc3 g6 4.Be3 Bg7 5.Qd2 a6 6.O-O-O b5 7.f3 Nbd7 8.Kb1 
Nb6 9.Bh6 O-O 10.h4 Nh5 11.Nge2 b4 12.Nd5 Nxd5 13.exd5 Bb7 14.g4 Nf6 15.c4
bxc3 16.Nxc3 Nxd5 17.Bxg7 Nxc3+ 18.Qxc3 Kxg7 19.d5+ f6 20.g5 Qd7 21.Bh3 
Qb5 22.Rhe1 Rae8 23.Be6 c5 24.Re4 a5 25.a4 Qb6 26.h5 Qc7 27.f4 Bc8 28.f5 
gxf5 29.Rg1 Kh8 30.g6 hxg6 31.hxg6 Bxe6 32.Qh3+ 1-0

[Event "23rd EUR-ch"]
[Site "Vrnjacka Banja SRB"]
[Date "2023.03.12"]
[Round "10.225"]
[White "Mitrovic, Vladan"]
[Black "Lazovic, Emilija"]
[Result "0-1"]
[WhiteElo "1871"]
[BlackElo "1594"]
[EventDate "2023.03.03"]
[PlyCount "90"]

1.b3 Nf6 2.Bb2 g6 3.e3 Bg7 4.f4 e6 5.g3 O-O 6.d4 d6 7.Be2 Nfd7 8.Nc3 e5 9.
Qd2 exf4 10.exf4 c5 11.O-O-O Nc6 12.Nb5 Nb6 13.Nf3 a6 14.Na3 a5 15.dxc5 
Bxb2+ 16.Kxb2 Qf6+ 17.Qc3 Qxc3+ 18.Kxc3 dxc5 19.Nb5 Be6 20.Nc7 Rad8 21.
Nxe6 fxe6 22.Rxd8 Rxd8 23.Re1 Rd6 24.Bf1 h6 25.a3 Kg7 26.Bd3 Ne7 27.Ne5 
Ned5+ 28.Kb2 Ne7 29.Re2 Kf6 30.Kc1 Nbd5 31.Nc4 Ra6 32.Nd2 Rc6 33.Ne4+ Kf7 
34.Bb5 Rb6 35.c4 Nc7 36.a4 Nf5 37.Rd2 Nd4 38.Nxc5 Rd6 39.Rd3 b6 40.Ne4 Rd8
41.Kb2 Ke7 42.Nf2 Rd6 43.Ne4 Rd8 44.Nd2 Rd6 45.Nf1 Ndxb5 0-1

[Event "23rd EUR-ch"]
[Site "Vrnjacka Banja SRB"]
[Date "2023.03.12"]
[Round "10.226"]
[White "Popovic, Igor"]
[Black "Lakusic, Zoran"]
[Result "1-0"]
[WhiteElo "1831"]
[BlackElo "1641"]
[EventDate "2023.03.03"]
[PlyCount "87"]

1.e4 d6 2.d4 Nf6 3.Nc3 g6 4.f4 Bg4 5.Nf3 c6 6.h3 Bxf3 7.Qxf3 Qb6 8.e5 Nh5 
9.g4 Ng7 10.Bd3 Ne6 11.Ne2 Nxd4 12.Nxd4 Qxd4 13.Be3 Qd5 14.Be4 Qa5+ 15.Bd2
Qc7 16.Bc3 d5 17.Bd3 Bg7 18.O-O-O e6 19.f5 Nd7 20.fxe6 fxe6 21.Rde1 Rf8 
22.Qe3 Nb6 23.Bb4 Rf7 24.Bd6 Qd8 25.Rhf1 Qh4 26.g5 d4 27.Qd2 Rf5 28.Bxf5 
gxf5 29.Qf4 Qh5 30.h4 h6 31.Qxd4 hxg5 32.hxg5 Qxg5+ 33.Kb1 O-O-O 34.Rg1 
Qh6 35.Rh1 Qg6 36.Reg1 Qf7 37.Rh7 Rg8 38.a4 Nd5 39.Qxa7 Nc7 40.Qa5 Na6 41.
b4 f4 42.b5 Nc7 43.Bxc7 f3 44.Bd6 1-0

[Event "23rd EUR-ch"]
[Site "Vrnjacka Banja SRB"]
[Date "2023.03.12"]
[Round "10.227"]
[White "Arandjelovic, Aleksandar Z."]
[Black "Alexandri, Dimitra"]
[Result "1/2-1/2"]
[WhiteElo "1828"]
[BlackElo "1586"]
[EventDate "2023.03.03"]
[PlyCount "102"]

1.d4 Nf6 2.c4 g6 3.Nc3 Bg7 4.e4 d6 5.f3 O-O 6.Be3 c5 7.dxc5 dxc5 8.Qxd8 
Rxd8 9.Bxc5 Nc6 10.Nd5 e6 11.Ne7+ Nxe7 12.Bxe7 Rd7 13.Ba3 b6 14.Rd1 Rxd1+ 
15.Kxd1 Ba6 16.Nh3 Rc8 17.b3 Nd7 18.Nf2 Ne5 19.Nd3 Rd8 20.Kc2 Nc6 21.Nb4 
Nd4+ 22.Kb1 Bb7 23.Bb2 a5 24.Bxd4 Bxd4 25.Nd3 e5 26.Be2 Rc8 27.Rc1 Ba6 28.
Nb2 Kf8 29.a3 Bc5 30.Ka2 Ke7 31.Na4 Bd4 32.b4 axb4 33.axb4 Ke6 34.Kb3 f6 
35.Nc3 f5 36.Ra1 Bb7 37.Ra7 Rb8 38.Nd5 b5 39.Nc7+ Kd7 40.c5 Kxc7 41.Bxb5 
Ra8 42.Rxa8 Bxa8 43.Bd3 f4 44.Kc4 Bc6 45.b5 Be8 46.Kb4 Be3 47.Bc4 Bd2+ 48.
Kb3 Be3 49.b6+ Kb7 50.Bd5+ Bc6 51.Kc4 Bxd5+ 1/2-1/2

[Event "23rd EUR-ch"]
[Site "Vrnjacka Banja SRB"]
[Date "2023.03.12"]
[Round "10.229"]
[White "Nikolovski, David"]
[Black "Bozic, Sasa"]
[Result "1-0"]
[WhiteElo "1860"]
[BlackElo "1839"]
[EventDate "2023.03.03"]
[PlyCount "91"]

1.d4 d5 2.Nc3 Nf6 3.Bf4 a6 4.e3 e6 5.g4 Be7 6.g5 Nfd7 7.h4 c5 8.Nf3 Nc6 9.
Ne2 Qb6 10.Rb1 Qa5+ 11.Nc3 Nb4 12.Qd2 c4 13.a3 Nc6 14.e4 dxe4 15.Nxe4 Qd5 
16.Qe3 Qa5+ 17.Nc3 b5 18.Bg2 Bb7 19.O-O O-O 20.h5 Qd8 21.Ne5 Na5 22.Bxb7 
Nxb7 23.Nc6 Qe8 24.Nxe7+ Qxe7 25.Nd5 Qd8 26.Nc7 Rc8 27.Nxa6 Qb6 28.Nb4 Nd6
29.d5 Nf5 30.Qxb6 Nxb6 31.dxe6 fxe6 32.Rfd1 Nh4 33.Be3 Nf3+ 34.Kg2 Na4 35.
Rd6 Nc5 36.h6 g6 37.Nc6 Rxc6 38.Rxc6 Ne4 39.Rxe6 Nexg5 40.Re7 Nh4+ 41.Kh1 
Nf7 42.Rd1 Nf5 43.Rb7 Nxe3 44.fxe3 Nxh6 45.Rdd7 Re8 46.Rg7+ 1-0

[Event "23rd EUR-ch"]
[Site "Vrnjacka Banja SRB"]
[Date "2023.03.12"]
[Round "10.230"]
[White "Mitrovic, Stefan"]
[Black "Gogic, Anastasija"]
[Result "0-1"]
[WhiteElo "1859"]
[BlackElo "1772"]
[EventDate "2023.03.03"]
[PlyCount "110"]

1.d4 Nf6 2.Nf3 e6 3.c4 b6 4.a3 d5 5.cxd5 exd5 6.g3 Be7 7.Bg2 O-O 8.O-O Ne4
9.Qc2 Ba6 10.Ne5 f5 11.Re1 Bd6 12.Nc6 Qf6 13.e3 Nxc6 14.Qxc6 Bc4 15.Qa4 c6
16.Qc2 Rac8 17.b3 Ba6 18.Bb2 Qh6 19.f4 g5 20.Nd2 gxf4 21.gxf4 Nxd2 22.Qxd2
Rce8 23.Rac1 Be7 24.Kh1 Kf7 25.Qc2 Bh4 26.Rg1 Rxe3 27.Qxc6 Qxc6 28.Rxc6 
Rd8 29.Rgc1 Kg8 30.Rh6 Bf2 31.Rf6 Bd3 32.Bc3 Re2 33.Bb4 Be3 34.Re1 Rxe1+ 
35.Bxe1 Bxd4 36.Rc6 Rd7 37.Bb4 Be4 38.Bxe4 fxe4 39.Rc8+ Kg7 40.Re8 Bc5 41.
Bc3+ d4 42.Bb2 Kf7 43.Rxe4 d3 44.Re1 d2 45.Rd1 Be3 46.Be5 Rd3 47.Kg2 Rxb3 
48.Kf1 Rxa3 49.Ke2 Ke6 50.Rb1 Kd5 51.h4 a5 52.Bc7 Kc6 53.Be5 b5 54.f5 Bh6 
55.f6 Re3+ 0-1

[Event "23rd EUR-ch"]
[Site "Vrnjacka Banja SRB"]
[Date "2023.03.13"]
[Round "11.1"]
[White "Sarana, Alexei"]
[Black "Shevchenko, Kirill"]
[Result "1/2-1/2"]
[WhiteElo "2668"]
[BlackElo "2668"]
[EventDate "2023.03.03"]
[PlyCount "23"]

1.d4 Nf6 2.c4 g6 3.Nc3 d5 4.Bf4 Bg7 5.e3 c5 6.dxc5 Qa5 7.Rc1 O-O 8.Nf3 Na6
9.Qa4 Qxa4 10.Nxa4 Bd7 11.Nc3 dxc4 12.Bxc4 1/2-1/2

[Event "23rd EUR-ch"]
[Site "Vrnjacka Banja SRB"]
[Date "2023.03.13"]
[Round "11.3"]
[White "Paravyan, David"]
[Black "Esipenko, Andrei"]
[Result "1/2-1/2"]
[WhiteElo "2584"]
[BlackElo "2680"]
[EventDate "2023.03.03"]
[PlyCount "35"]

1.e4 e5 2.Nf3 Nc6 3.Nc3 Nf6 4.d4 exd4 5.Nxd4 Bb4 6.Nxc6 bxc6 7.Bd3 O-O 8.
O-O d5 9.exd5 cxd5 10.Bg5 c6 11.Qf3 Bd6 12.Rae1 Be6 13.Ne2 Bg4 14.Bxf6 
Bxf3 15.Bxd8 Bxe2 16.Rxe2 Rfxd8 17.c4 dxc4 18.Bxc4 1/2-1/2

[Event "23rd EUR-ch"]
[Site "Vrnjacka Banja SRB"]
[Date "2023.03.13"]
[Round "11.4"]
[White "Janik, Igor"]
[Black "Bacrot, Etienne"]
[Result "1/2-1/2"]
[WhiteElo "2527"]
[BlackElo "2659"]
[EventDate "2023.03.03"]
[PlyCount "34"]

1.d4 Nf6 2.c4 e6 3.g3 d5 4.Bg2 Bd6 5.Nf3 h6 6.O-O O-O 7.Nc3 Nc6 8.b3 dxc4 
9.bxc4 e5 10.e3 Re8 11.c5 exd4 12.exd4 Bf8 13.Rb1 Rb8 14.d5 Ne7 15.Nd4 Bg4
16.Qb3 Nf5 17.Qc4 Nxd4 1/2-1/2

[Event "23rd EUR-ch"]
[Site "Vrnjacka Banja SRB"]
[Date "2023.03.13"]
[Round "11.5"]
[White "Korobov, Anton"]
[Black "Dardha, Daniel"]
[Result "0-1"]
[WhiteElo "2658"]
[BlackElo "2610"]
[EventDate "2023.03.03"]
[PlyCount "79"]

1.e4 e5 2.Nc3 Nf6 3.g3 Bc5 4.Bg2 O-O 5.Nge2 Nc6 6.O-O a5 7.h3 Nd4 8.d3 c6 
9.Kh2 d5 10.exd5 cxd5 11.f4 Re8 12.Nxd4 Bxd4 13.Nb5 Bb6 14.fxe5 Rxe5 15.d4
Re6 16.Bg5 Bd7 17.a4 h6 18.Bxf6 Rxf6 19.c3 Bc6 20.Qh5 Rxf1 21.Rxf1 Qd7 22.
Re1 g6 23.Qxh6 Re8 24.Rxe8+ Qxe8 25.h4 Qe2 26.Qf4 Bxb5 27.axb5 Qxb5 28.
Qb8+ Kg7 29.Qe5+ Kg8 30.Kh3 Qd7+ 31.g4 Bc7 32.Qxd5 Qe7 33.Be4 Qf6 34.Kg2 
Qxh4 35.Kf1 Qxg4 36.Qxb7 Qd1+ 37.Kf2 Qd2+ 38.Kf3 Bf4 39.Bxg6 Qe3+ 40.Kg2 
0-1